English Football Clubs by Partial Logo - Statistics

General Stats
  • This quiz has been taken 130 times
  • The average score is 21 of 24
Answer Stats
Picture Answer % Correct
Liverpool
100%
Manchester City
100%
Wolverhampton Wanderers
99%
Chelsea
98%
Manchester United
98%
Tottenham Hotspur
98%
Brighton & Hove Albion
96%
Newcastle United
96%
Aston Villa
95%
Nottingham Forest
95%
Crystal Palace
94%
Everton
94%
Fulham
93%
Leeds United
93%
Southampton
90%
Queen's Park Rangers
88%
Brentford
84%
Sunderland
84%
Burnley
83%
West Bromwich Albion
79%
Millwall
76%
Sheffield Wednesday
71%
Coventry City
63%
Leyton Orient
48%
No matching quizzes found
Score Distribution
Percent of People with Each Score
Percentile by Number Answered
Your Score History
You have not taken this quiz